000 00457nam a2200181Ia 4500
001 2802
005 20260306144834.0
008 260306t1985||||xx |||||||||||||| ||spa||
041 _aESP
082 _a230.0464
_bS36
100 _aSegundo, Juan Luis
_eAUT
245 0 _aTeología de la liberación:
_brespuesta al Cardenal Ratzinger
260 _c1985
300 _a195 páginas :
_c21 cm.
650 _aGEN
654 _aCHU
942 _cLIB
_dJUS
_fJUS
_2ddc
_n
999 _c2802
_d2802